[Event "SLO-ch U10"]
[Site "Ptuj"]
[Date "2017.03.02"]
[Round "8"]
[White "Kosem, Anton"]
[Black "Kodric Plevnik, Kristjan"]
[Result "0-1"]
[WhiteElo "1734"]
[BlackElo "1692"]
[PlyCount "62"]
[EventDate "2017.02.27"]
[EventType "swiss"]
[EventRounds "9"]
[EventCountry "SLO"]
[SourceTitle "CBM 177 Extra"]
[Source "ChessBase"]
[SourceDate "2017.04.27"]
[SourceVersion "1"]
[SourceVersionDate "2017.04.27"]
[SourceQuality "1"]

1. c4 e5 2. Nc3 Bc5 3. d3 Nf6 4. g3 0-0 5. Bg2 Ng4 6. Nh3 c6 7. 0-0 Nf6 8. Ng5 h6 9. Nge4 d6 10. Nxc5 dxc5 11. Bd2 Bd7 12. Rb1 Qc8 13. a3 Bh3 14. b4 Bxg2 15. Kxg2 Nbd7 16. Na4 cxb4 17. axb4 b5 18. Nc3 bxc4 19. dxc4 Qb7 20. Kg1 Rad8 21. Qc2 Nb8 22. Rfd1 Qc8 23. Na2 Qh3 24. f3 g5 25. Rf1 g4 26. f4 Nh5 27. fxe5 Nxg3 28. e4 Ne2+ 29. Kh1 g3 30. Rf2 gxf2 31. Qd1 Qf3# 0-1

[Event "SLO-ch U10"]
[Site "Ptuj"]
[Date "2017.02.28"]
[Round "4"]
[White "Cimperman, Teo"]
[Black "Kodric Plevnik, Kristjan"]
[Result "1-0"]
[WhiteElo "1762"]
[BlackElo "1692"]
[PlyCount "95"]
[EventDate "2017.02.27"]
[EventType "swiss"]
[EventRounds "9"]
[EventCountry "SLO"]
[SourceTitle "CBM 177 Extra"]
[Source "ChessBase"]
[SourceDate "2017.04.27"]
[SourceVersion "1"]
[SourceVersionDate "2017.04.27"]
[SourceQuality "1"]

1. e4 e5 2. Nf3 Nc6 3. Bc4 Bc5 4. Nc3 d6 5. h3 Nf6 6. d3 h6 7. 0-0 0-0 8. Be3 Nd4 9. Bxd4 Bxd4 10. Nxd4 exd4 11. Ne2 c5 12. Re1 b6 13. Nf4 Bb7 14. Bd5 Nxd5 15. Nxd5 Qg5 16. Nc7 Rac8 17. Nb5 d5 18. Nxa7 Ra8 19. Nb5 dxe4 20. dxe4 f5 21. Nd6 Bc6 22. f3 fxe4 23. Nxe4 Bxe4 24. Rxe4 Rf6 25. Qd3 Qd5 26. a3 Rd6 27. b3 b5 28. Qxb5 Rg6 29. Re8+ Rxe8 30. Qxe8+ Kh7 31. Qe4 Qg5 32. Qg4 Qe3+ 33. Kh2 Rxg4 34. fxg4 d3 35. cxd3 Qxd3 36. b4 Qe3 37. Ra2 Qb3 38. Rf2 Qxa3 39. bxc5 Qxc5 40. Rf3 h5 41. gxh5 Qxh5 42. Rf1 g5 43. Rf5 Kg6 44. Ra5 Qh7 45. Ra6+ Kh5 46. Ra8 g4 47. Ra5+ Kh4 48. g3# 1-0